Conferència sobre l'atur forçós / organitzada pels Comitès de Qüestions Econòmiques, Socials i Industrials, celebrada els dies 21, 22 i 23 de febrer de 1933
Descripción Física:
73 p. ; 24 cm
Otros Autores:
Unió Catalana d'Estudis Polítics i Econòmico-Socials
Materias:
Atur -- Catalunya -- Congressos
MARC
| LEADER | 00000nam a2200000Ia 4500 | ||
|---|---|---|---|
| 001 | 9939 | ||
| 008 | 160829s1933 xx 000 0 cat d | ||
| 080 | |a M-3-59 | ||
| 245 | |a Conferència sobre l'atur forçós / organitzada pels Comitès de Qüestions Econòmiques, Socials i Industrials, celebrada els dies 21, 22 i 23 de febrer de 1933 | ||
| 260 | |a Barcelona : |b (G. Casacuberta), |c 1933 | ||
| 300 | |a 73 p. ; |c 24 cm | ||
| 590 | |a Abans del títol: Unió Catalana d'Estudis Polítics i Econòmico-Socials | ||
| 650 | |a Atur |x Catalunya |x Congressos |9 24815 | ||
| 700 | |a Unió Catalana d'Estudis Polítics i Econòmico-Socials |9 36915 | ||
| 901 | |a Arxiu | ||
| 942 | |n 1 | ||
| 952 | |0 0 |1 0 |4 0 |6 M359 |7 1 |9 47564 |a Arxiu |b Arxiu |d 2016-12-01 |l 0 |o M-3-59 |p 9939 |r 2016-12-01 00:00:00 |w 2016-12-01 |y ARXIU | ||
| 999 | |c 51363 |d 51363 | ||